Statystyki dla Stolice aferyki

Kliknij tutaj aby rozwiązać quiz!

Ogólne statystyki

  • Ten quiz został rozwiązany 12 razy
  • Średni wynik to 17 z 32

Statystyki odpowiedzi

HintOdpowiedź% Poprawnych
AlgieriaAlgier
100%
SenegalDakar
100%
TunezjaTunis
90%
Gwinea BissauBissau
80%
SudanChartum
80%
KeniaNairobi
80%
RPAPretoria
80%
MarokoRabat
80%
LibiaTrypolis
80%
DżibutiDżibuti
70%
SomaliaMogadiszu
70%
GhanaAkra
60%
ErytreaAsmara
60%
RwandaKigali
60%
Demokratyczna republika kongaKinszasa
60%
TanzaniaDodoma
50%
Sierra LeoneFreetown
50%
MozambikMaputo
50%
LesothoMaseru
50%
MaliBamako
40%
ZimbabweHarare
40%
UgandaKampala
40%
ZambiaLusaka
40%
SeszeleVictoria
40%
Republika ŚrodkowoafrykanskaBangi
30%
SuaziMbabane
30%
MauritiusPort Louis
30%
NambiaWindhuk
30%
Wybreże Kości SłoniowejJamasukro
20%
Gwinea RównikowaMalabo
20%
KomoryMoroni
20%
Republika Zielonego PrzylądkaPraja
0%

Rozkład punktacji

Percentyl według liczby udzielonych odpowiedzi

Procent ludzi z każdym wynikiem

Twoja historia wyników

Nie rozwiązałeś tego quizu